Relativizmus és univerzálék
Elmentve itt :
| Szerző: | |
|---|---|
| Adatforrás: | Philobibl |
| Forrásdokumentuma: | Világosság 33 1992/8-9., 599-611. p. |
| Dokumentumtípus: | Cikk |
| Nyelv: | magyar |
| LEADER | 00334nab a2200109 c 4500 | ||
|---|---|---|---|
| 001 | bibDOK00003771 | ||
| 005 | 20200924115959.5 | ||
| 008 | 060518s1992 hu hun | ||
| 100 | 1 | |a Gellner, Ernest | |
| 245 | 1 | 0 | |a Relativizmus és univerzálék |c Gellner, Ernest |
| 500 | |a Farkas János László (ford.) | ||
| 773 | 0 | |t Világosság 33 |g 1992/8-9., 599-611. p. | |